Samurai Spy = Ibun Sarutobi Sasuke /

Đã lưu trong:
Chi tiết về thư mục
Tác giả chính: Shinoda, Masahiro (realización)
Tác giả khác: Fukuda, Yoshiyuki (guión) (guión), Kosugi, Masao (fotógrafo) (fotógrafo), Yagyû, Etsuko (vestuario) (vestuario), Takemitsu, Tôru (música) (música), Takahashi, Koji (actuación) (actuación), Yoshimura, Jitsuko (actuación) (actuación), Watanabe, Misako (actuación) (actuación), Silver, Alain (texto del folleto) (texto del folleto)
Định dạng: Slide
Ngôn ngữ:Tiếng Nhật
Được phát hành: Tokio, Japón : Shochiku, 1965, c1965
Loạt:(Criterion Collection ; 312)
Những chủ đề:
Các nhãn: Thêm thẻ
Không có thẻ, Là người đầu tiên thẻ bản ghi này!

MARC

LEADER 00000ngm^a2200000^a^4500
001 000280866
005 20251020000000.0
009 20260526134524.718
020 |a 0-78003-035-4 
037 |a Acervo ITESO - Biblioteca 
041 |a JAP 
082 |a 808. 8  |b CRI V. 312 
100 |a Shinoda, Masahiro  |e (realización) 
240 1 4 |a [El espía samurái] 
245 1 0 |a Samurai Spy =  |b Ibun Sarutobi Sasuke /  |c Realización de M. Shinoda. 
246 2 |a Título en México: El espía samurái 
264 4 |a Tokio, Japón :  |b Shochiku,  |c 1965, c1965 
264 2 |a Nueva York, EUA :  |b Criterion Collection [distribución],  |c 2005, c2005 
300 |a 1 DVD región 1 (100 min.) :  |b blanco y negro +  |e 1 folleto ([10 p.]) 
336 |a imagen móvil bidimensional  |b tdi  |2 rdacontenido 
337 |a video  |b v  |2 rdamedio 
338 |a videodisco  |b vd  |2 rdasoporte 
440 1 |a (Criterion Collection ;  |v 312) 
500 |a Basado en: Ibun Sarutobi Sasuke, de Koji Nakada 
546 |a En japonés, con subtítulos opcionales: inglés 
585 |a Exposición DIA 2022-10 / Sendero de crisantemos: una mirada a la cultura japonesa 
649 |a XX 
650 |a Samuráis en el Cine 
650 |a Espías en el Cine 
650 |a Dramas Cinematográficos 
650 |a Cine en Blanco y Negro -  |z Japón 
650 |a Cine Japonés -  |y 1960-1969 
650 |a Cine Japonés -  |y Siglo XX 
650 |a Novela Japonesa -  |x Adaptaciones para Cine 
650 |a Literatura Japonesa -  |y Siglo XX -  |x Adaptaciones para Cine 
650 |a Literatura y Cine 
650 |a Traición 
650 |a Espionaje y Contraespionaje 
650 |a Japón -  |x Historia -  |y Siglo XVII 
650 |a Japón -  |x Historia -  |y Epoca Edo, 1603-1868 
650 |a Japón -  |x Historia -  |y Período Feudal, 1185-1868 
740 5 |a The Thin Line between Truth and Lies /  |c Texto del folleto de A. Silver. 
700 |a Fukuda, Yoshiyuki  |e (guión) 
700 |a Kosugi, Masao  |e (fotógrafo) 
700 |a Yagyû, Etsuko  |e (vestuario) 
700 |a Takemitsu, Tôru  |e (música) 
700 |a Takahashi, Koji  |e (actuación) 
700 |a Yoshimura, Jitsuko  |e (actuación) 
700 |a Watanabe, Misako  |e (actuación) 
700 |a Silver, Alain  |e (texto del folleto) 
910 |a Fondo General 
920 |a Audiovisuales - DVDs 
940 |a Películas 
905 |a 308 
901 |a 0500165497  |b IT2  |c DVR  |u 20250521 
901 |a 0500165500  |b IT2  |c MIN  |u 20251020 
902 |a https://opac.biblio.iteso.mx/vufind/Record/000280866